Koripallon Suomen mestarit - Statistics

Yleistilastot
  • Tätä visaa on pelattu 61 kertaa
  • Keskiarvotulos 42 / 84
Vastaustilastot
Hint Vastaus % Oikein
2023 Helsinki Seagulls
85%
2025 Helsinki Seagulls
85%
2018 Karhu Basket
83%
2019 Karhu Basket
83%
2022 Karhu Basket
83%
2001 Espoon Honka
79%
2002 Espoon Honka
79%
2003 Espoon Honka
79%
2007 Espoon Honka
79%
2008 Espoon Honka
79%
1979 Playhonka
79%
1968 Tapion Honka
79%
1969 Tapion Honka
79%
1970 Tapion Honka
79%
1971 Tapion Honka
79%
1972 Tapion Honka
79%
2010 Tampereen Pyrintö
74%
2011 Tampereen Pyrintö
74%
2014 Tampereen Pyrintö
74%
1960 Torpan Pojat
70%
1966 Torpan Pojat
70%
1978 Torpan Pojat
70%
1981 Torpan Pojat
70%
1983 Torpan Pojat
70%
1986 Torpan Pojat
70%
1996 Torpan Pojat
70%
1997 Torpan Pojat
70%
1998 Torpan Pojat
70%
2015 Joensuun Kataja
66%
2017 Joensuun Kataja
66%
1958 KTP
62%
1967 KTP
62%
1988 KTP
62%
1991 KTP
62%
1993 KTP
62%
1994 KTP
62%
2024 BC Nokia
58%
1946 Helsingin NMKY
58%
1947 Helsingin NMKY
58%
1984 Helsingin NMKY
58%
1985 Helsingin NMKY
58%
1987 Helsingin NMKY
58%
1989 Helsingin NMKY
58%
1992 Helsingin NMKY
58%
2021 Salon Vilpas
58%
1995 Kouvot
57%
1999 Kouvot
57%
2004 Kouvot
57%
2016 Kouvot
57%
2012 Nilan Bisons, Loimaa
53%
2013 Nilan Bisons, Loimaa
53%
1953 Pantterit
51%
1954 Pantterit
51%
1955 Pantterit
51%
1956 Pantterit
51%
1957 Pantterit
51%
1959 Pantterit
51%
1980 Pantterit
51%
1973 Turun NMKY
36%
1975 Turun NMKY
36%
1977 Turun NMKY
36%
1982 Turun NMKY
36%
2005 Lappeenrannan NMKY
32%
2006 Lappeenrannan NMKY
32%
2000 Namika Lahti
30%
2009 Namika Lahti
30%
1990 Uudenkaupungin urheilijat
17%
1963 Helsingin Kisa-Toverit
9%
1974 Playboys
9%
1976 Playboys
9%
1940 Eiran Kisa-Veikot
6%
1961 Helsingin Kisa-Toverit
6%
1962 Helsingin Kisa-Toverit
6%
1964 Helsingin Kisa-Toverit
6%
1965 Helsingin Kisa-Toverit
6%
1941 Kadettikoulu
2%
1949 HOK-Veikot
0%
1950 HOK-Veikot
0%
1951 HOK-Veikot
0%
1952 HOK-Veikot
0%
1944 Kiri-Veikot
0%
1945 Kiri-Veikot
0%
1948 Kiri-Veikot
0%
1939 Ylioppilaskoripalloilijat
0%
Ehtoja vastaavia visoja ei löytynyt
Tulosjakauma
Jokaisen tuloksen saaneiden osuus
Persentiili vastausten määrän mukaan
Tuloshistoriasi
Et ole pelannut tätä visaa